000
00199 a2200097 4500
001
52544
100
_a
Townley, P
245
_a
The Image
260
_a
London
_b
Futura Pub.
_c
090
_c
33031
_d
33031
942
_a
NUST-CAE
_c
M
_c
25594
999
_c
287617
_d
287617